MDQL
is popping MORE tags! Check the
thread
!
Quizzes
Events
Quiz Creation
Community
Videos
Private Events
Remove Ads
Sign In
Join for FREE
Feedback
Dark Mode
Quiz Categories
Sports
Geography
Music
Movies
Television
Just For Fun
Miscellaneous
History
Literature
Language
Science
Gaming
Entertainment
Religion
Holiday
For Kids
Quiz Lab
Recent
Popular Today
Quiz Kudos Today
Editor Picks
Curator Picks
Quizzes by...
Day
Popularity
Type
Ratings
Length
Year
Community
Subscriptions
Recent Discussions
Orange Saloon
Badges
Playlists
Quests
Create
Leaderboards
Showdown
Live 5
Trivia Bingo
Activity
Puzzle Library
Sporcle Events
Private Events
Virtual Trivia
Globe League
Become a Host
Pub Owners
SporcleCon
Opinionation
Our Games
Videos
Blog
Mobile Apps
Partnerships
Remove Ads and Go Orange
Feedback
Sports
Athletes
MLB
NBA
NHL
NFL
Soccer
Sports Teams
WWE
NCAA
Football
Premier League
Basketball
Baseball
Hockey
Golf
Tennis
Cricket
Rugby
Auto Racing
Olympics
World Cup
Sports
Athletes
MLB
NBA
NHL
NFL
Soccer
Sports Teams
WWE
NCAA
Football
Premier League
Basketball
Baseball
Hockey
Golf
Tennis
Cricket
Rugby
Auto Racing
Olympics
World Cup
Random Quiz
Search Sporcle
×
Quiz Lab
Quiz Lab
Sports
Basketball
Type in answers that appear in a list
Type in answers that appear in a list
Classic
Best Score? Go Orange.
Sports Illustrated Top 100 NBA players 2020 Stats
Can you name the Sports Illustrated Top 100 NBA players 2020?
By
MongolKitten
10m
100 Questions
30.7K Plays
30,661 Plays
30,661 Plays
Comments
Comments
Give Quiz Kudos
Give Quiz Kudos
-
- Ratings
hide this ad
Replay
Link that replays current quiz
Next Quiz
Link to next quiz in quiz playlist
You Got
0%
They Got
Avg Score
70%
Avg Friend Score
Upgrade to see
Score Distribution
Jump to the score distribution portion of the page
Score
0/100
Timer
10:00
0
Plays Today
Rank
Name
% Correct
3
LeBron James
98.4%
4
Stephen Curry
97.7%
5
James Harden
97.5%
2
Kawhi Leonard
97%
6
Anthony Davis
96.9%
9
Paul George
95.6%
10
Damian Lillard
95.3%
12
Russell Westbrook
95.3%
7
Joel Embiid
95.2%
1
Giannis Antetokounmpo
94.9%
8
Nikola Jokic
94.9%
15
Kyrie Irving
94.7%
11
Jimmy Butler
94.3%
13
Karl-Anthony Towns
93.6%
23
Ben Simmons
93%
17
Draymond Green
92.4%
21
Chris Paul
92.3%
14
Rudy Gobert
92.1%
89
Danny Green
91.5%
19
Blake Griffin
89.5%
29
Donovan Mitchell
89.4%
22
Bradley Beal
88.9%
31
DeMar DeRozan
88.8%
20
Kemba Walker
88.6%
30
Luka Doncic
88.5%
58
Klay Thompson
88.2%
28
Kyle Lowry
87.8%
16
LaMarcus Aldridge
87.6%
35
Jayson Tatum
87.5%
34
Devin Booker
86.5%
24
Pascal Siakam
85.9%
27
Khris Middleton
85.5%
53
Lou Williams
83%
49
Tobias Harris
82.9%
Rank
Name
% Correct
33
De'Aaron Fox
82.9%
18
Al Horford
82.6%
48
Gary Harris
82.6%
38
Jamal Murray
82.5%
32
CJ McCollum
82.4%
95
Joe Harris
82.4%
36
Andre Drummond
82.3%
94
Dejounte Murray
81.8%
41
Kevin Love
81.2%
39
Victor Oladipo
80.7%
37
Kristaps Porzingis
80.7%
44
D'Angelo Russell
79.6%
25
Jrue Holiday
79.3%
62
Trae Young
79.2%
70
Thaddeus Young
78.1%
40
Steven Adams
77.8%
26
Mike Conley
77.1%
42
Marc Gasol
75.8%
68
Jaylen Brown
75.3%
45
Nikola Vucevic
73.2%
90
Zach LaVine
73.1%
60
Aaron Gordon
72.7%
85
Brandon Ingram
72.7%
63
Eric Gordon
72.5%
46
Eric Bledsoe
70%
100
Andrew Wiggins
69%
56
Clint Capela
68.5%
47
Myles Turner
66.5%
54
Buddy Hield
64.7%
66
Brook Lopez
64%
51
John Collins
63.1%
43
Paul Millsap
61.3%
59
Gordon Hayward
58.9%
52
Bojan Bogdanovic
58.8%
Rank
Name
% Correct
76
Domantas Sabonis
57%
65
Joe Ingles
55.6%
61
Malcolm Brogdon
54.9%
50
Danilo Gallinari
54.8%
91
Derrick White
54.4%
82
Marcus Smart
53%
80
Serge Ibaka
52.2%
73
Ricky Rubio
51.9%
83
Jaren Jackson Jr.
50.6%
75
Lauri Markkanen
50.4%
79
Julius Randle
50.1%
67
JJ Redick
50.1%
77
Montrezl Harrell
48.8%
97
Jarrett Allen
48.6%
74
PJ Tucker
48.2%
98
DeAndre Jordan
48.2%
78
Jusuf Nurkic
47.3%
71
Josh Richardson
46.8%
92
Spencer Dinwiddie
46.4%
69
Caris LeVert
46.3%
96
Kyle Kuzma
44.8%
55
Derrick Favors
44%
57
Otto Porter
43.4%
81
Patrick Beverley
40.9%
93
Bam Adebayo
38.9%
64
Robert Covington
38.7%
88
Jonas Valanciunas
36.7%
87
Jeff Teague
36.2%
72
Harrison Barnes
35.5%
99
Terrence Ross
24.4%
86
Andre Iguodala
24%
84
Al-Farouq Aminu
13.9%
Quiz Playlist
Details
Report
Send in Message
Add To Playlist
Classic:
Type in answers that appear in a list
Quiz Source
Last Updated: Sep 12, 2019
Quiz Scoreboard
CHALLENGE
Sign Up to Join the Scoreboard
Show All
Scores
Hide
Comments
May contain spoilers
Recently Published
1-10 Letter E Words III
by El_Dandy
Language
2m
Street Fighter Characters
by Artimus82
Gaming
60s
College Basketball Coaching Resumes
by pancakes188
Sports
9m
More to Explore
Quiz From the Vault
Featured Blog Post
Where Did the Easter Bunny Come From?
hide this ad
You Might Also Like...
Tags
Basketball Quiz
NBA Quiz
NBA All-Star
NBA MVP
NBA Player
NBA Team Leaders
NBA Teams
Pro Sports
Sports Illustrated
Today's Top Quizzes in Sports
Browse Sports
hide this ad
Today's Top Quizzes in Basketball
Browse Basketball
Top Contributed Quizzes in Sports
1
2022 World Cup Stars
2
Les meilleurs buteurs des matchs entre le PSG et l’OM
3
FIFA Club World Cup Champions
4
Les entraîneurs de l'OM et du PSG au 21e siècle
5
Criteria MLB: Left Handed Sluggers
6
2023 MLB Unique Player Accomplishments
7
AFC Teams Reveal (Wrong Answers Minefield)
8
Players with Multiple 50 Home Run Seasons
9
5-to-1: FBS Animal Nicknames
10
5-to-1: UK Sports Teams
Explore More
Trending Topics
NBA
Marvel
Crossword
Harry Potter
Anime
Kpop
Disney
Soccer
WWE
Pokémon
The Office
Song
Puzzle
NFL
Country
hide this ad
More By:
MongolKitten
Quiz
Plays
Rating
Category
Featured
Created
Find the Hall-of-Fame players
100,346
4.24
Sports
Apr 7, 2019
Sports Illustrated Top 100 NBA players 2019
68,529
3.15
Sports
Sep 13, 2018
NBA's 75th Anniversary List
55,187
4.64
Sports
Oct 21, 2021
Sports Illustrated Top 100 NBA players 2020
30,661
3.73
Sports
Sep 12, 2019
Did this 2010s NBA star win a ring?
21,843
4.35
Sports
Dec 13, 2019
Go to Creator's Profile
Score Distribution
Quiz Creator Spotlight
MongolKitten
Follow
Send a Message
Quizzes Created
-
Created Quiz Play Count
-
More By This Creator
Popular Quizzes Today
1
Find the US States - No Outlines Minefield
2
Find the Countries of Europe - No Outlines Minefield
3
The Countries of the World
4
Find the US States
5
Risky Map Clicking: Biggest States A-Z
6
US States
7
Popular People in 1961
8
Movies - When Are They Set?
More Sports Quizzes
Pixel Art - NFL Team IX
Published
Trending Quizzes
Risky Map Clicking: Least Populous States A-Z
Billboard Blitz: Aretha Franklin
Famous Russians: Author or Composer?
Countries of the World: 200 Million BC
1-10 Letter G Words
Recently Updated
Leaping Animals
pecheneg
Reality TV Shows (A-Z)
bhenderson79
Rickey Henderson's Hall of Fame Teammates
pecheneg
Champions League XIs: Arsenal
pecheneg
Quick Pick: Celebrities in WWE's Hall of Fame
aduchscher
A-Z Keypad Blitz II
pecheneg
Multiple Oscar Actors
pecheneg
Mystery Phrase Blitz: Oscar 'Best Actors'
pecheneg
F. Scott Fitzgerald Novels
LTH
Pick 3 Villains
ddd62291
Trending Topics
Harry Potter
Anime
Crossword
Disney
NBA
Kpop
Marvel
Soccer
NFL
Pokémon
Country
The Office
Song
Puzzle
WWE
Your Account Isn't Verified!
In order to create a playlist on Sporcle, you need to verify the email address you used during registration. Go to your
Sporcle Settings
to finish the process.
Report this User
Report this user for behavior that violates our
Community Guidelines
.
Details:
Send Report
Go to the Sporcle.com Mobile Site →
Comments